[Event "Skopje Karposh op"]
[Site "Skopje"]
[Date "2014.03.30"]
[Round "2"]
[White "Dimitrov, Radoslav"]
[Black "Grigoriadis, Alexandros"]
[Result "0-1"]
[WhiteElo "2459"]
[BlackElo "2255"]
[PlyCount "108"]
[EventDate "2014.03.29"]
[EventType "swiss"]
[EventRounds "9"]
[EventCountry "MKD"]
[SourceTitle "CBM 159 Extra"]
[Source "ChessBase"]
[SourceDate "2014.04.24"]
[SourceVersion "1"]
[SourceVersionDate "2014.04.24"]
[SourceQuality "1"]

1. d4 g6 2. e4 Bg7 3. Nc3 d6 4. f4 e5 5. dxe5 dxe5 6. Qxd8+ Kxd8 7. Nf3 Be6 8. Nxe5 Bxe5 9. fxe5 Nd7 10. Bf4 h6 11. Nd5 c6 12. Ne3 g5 13. Bg3 Ne7 14. 0-0-0 Ng6 15. Bc4 Kc7 16. Bxe6 fxe6 17. Rd6 Rae8 18. Nc4 Nb6 19. Nxb6 axb6 20. Rf1 Rh7 21. Rf6 Nf8 22. c4 Nd7 23. Rdxe6 Rxe6 24. Rxe6 Nc5 25. Rf6 Kd7 26. Rg6 Ke7 27. Kd2 Nxe4+ 28. Ke3 Kf7 29. Rxh6 Rxh6 30. Kxe4 Ke6 31. h3 c5 32. Bf2 Rh8 33. Be3 Rh4+ 34. Kf3 Kxe5 35. Bxg5 Rxc4 36. Bd2 b5 37. Bc3+ Kf5 38. g4+ Kg6 39. a3 b4 40. axb4 cxb4 41. Be5 Kg5 42. Kg3 Re4 43. h4+ Kg6 44. Bc7 Re2 45. h5+ Kh7 46. g5 Rxb2 47. g6+ Kg8 48. Kf3 Rc2 49. Bd6 Rc3+ 50. Kf4 Rc6 51. Be5 b3 52. Bb2 Rc2 53. Be5 Rc5 54. Bf6 Rxh5 0-1

[Event "Nikaia op 21st"]
[Site "Nikaia"]
[Date "2013.09.01"]
[Round "8"]
[White "Grigoriadis, Alexandros"]
[Black "Kourkoulos Arditis, Stamatis"]
[Result "1/2-1/2"]
[WhiteElo "2296"]
[BlackElo "2277"]
[PlyCount "98"]
[EventDate "2013.08.26"]
[EventType "swiss"]
[EventRounds "9"]
[EventCountry "GRE"]
[SourceTitle "CBM 156 Extra"]
[Source "ChessBase"]
[SourceDate "2013.10.22"]
[SourceVersion "1"]
[SourceVersionDate "2013.10.22"]
[SourceQuality "1"]

1. Nf3 Nf6 2. g3 b5 3. Bg2 Bb7 4. 0-0 c5 5. d3 g6 6. e4 d6 7. a4 b4 8. e5 dxe5 9. Nxe5 Bxg2 10. Kxg2 Qd5+ 11. Qf3 Qxf3+ 12. Kxf3 Nfd7 13. Nxd7 Nxd7 14. Nd2 Ne5+ 15. Ke2 Bg7 16. Nf3 Nc6 17. Rb1 Nd4+ 18. Nxd4 cxd4 19. a5 b3 20. cxb3 Rb8 21. b4 Rxb4 22. b3 Kd7 23. Bd2 Rb5 24. Rfc1 Rhb8 25. b4 g5 26. g4 h6 27. h3 Be5 28. Ra1 Bd6 29. Rc4 Bxb4 30. Rxd4+ Ke8 31. Bxb4 Rxb4 32. Ke3 Rxd4 33. Kxd4 Rb5 34. Rc1 Rxa5 35. Rc7 Ra1 36. Ke4 Kf8 37. Kf3 e6 38. Rd7 a5 39. d4 Ke8 40. Ra7 a4 41. Ke4 Ra2 42. f4 Re2+ 43. Kf3 Rh2 44. Kg3 Ra2 45. f5 exf5 46. gxf5 a3 47. Kg4 Rg2+ 48. Kh5 g4 49. Rxa3 gxh3 1/2-1/2

[Event "Nikaia op 21st"]
[Site "Nikaia"]
[Date "2013.08.31"]
[Round "6"]
[White "Grigoriadis, Alexandros"]
[Black "Nemtsas, Hristoforos"]
[Result "1-0"]
[WhiteElo "2296"]
[BlackElo "1909"]
[PlyCount "77"]
[EventDate "2013.08.26"]
[EventType "swiss"]
[EventRounds "9"]
[EventCountry "GRE"]
[SourceTitle "CBM 156 Extra"]
[Source "ChessBase"]
[SourceDate "2013.10.22"]
[SourceVersion "1"]
[SourceVersionDate "2013.10.22"]
[SourceQuality "1"]

1. Nf3 Nf6 2. g3 g6 3. Bg2 Bg7 4. 0-0 d6 5. c4 c6 6. Nc3 a6 7. b3 0-0 8. Bb2 b5 9. d4 b4 10. Na4 Ra7 11. Nd2 Rd7 12. a3 bxa3 13. Rxa3 e5 14. d5 c5 15. Bc3 Rb7 16. Nb2 Re8 17. e4 Ng4 18. h3 Nh6 19. Nd3 f5 20. b4 cxb4 21. Bxb4 Rf7 22. c5 dxc5 23. Nxc5 Qb6 24. Nd3 Rd7 25. Qb3 Kh8 26. Nc4 Qf6 27. Bc3 Rb7 28. Qa2 fxe4 29. Ndxe5 Qf5 30. Nd6 Qh5 31. Nxe8 Bxe5 32. Bxe5+ Qxe5 33. Qa1 Qxa1 34. Rfxa1 Re7 35. Nd6 Bd7 36. Rb1 Bb5 37. Nxb5 axb5 38. Rxb5 Nd7 39. Ra7 1-0

[Event "Nikaia op 21st"]
[Site "Nikaia"]
[Date "2013.08.29"]
[Round "4"]
[White "Grigoriadis, Alexandros"]
[Black "Kouskoutis, Georgios Alexandros"]
[Result "1-0"]
[WhiteElo "2296"]
[BlackElo "1950"]
[PlyCount "87"]
[EventDate "2013.08.26"]
[EventType "swiss"]
[EventRounds "9"]
[EventCountry "GRE"]
[SourceTitle "CBM 156 Extra"]
[Source "ChessBase"]
[SourceDate "2013.10.22"]
[SourceVersion "1"]
[SourceVersionDate "2013.10.22"]
[SourceQuality "1"]

1. Nf3 Nf6 2. c4 e6 3. b3 c5 4. Bb2 b6 5. g3 Bb7 6. Bg2 d6 7. 0-0 Be7 8. Nc3 0-0 9. Re1 Nbd7 10. e4 a6 11. d4 cxd4 12. Nxd4 Rc8 13. e5 dxe5 14. Nxe6 fxe6 15. Bxb7 Rc7 16. Bxa6 Nc5 17. Qxd8 Rxd8 18. Bb5 Nd3 19. Re2 Nxb2 20. Rxb2 Bc5 21. Rd1 Rf8 22. Re2 Rcf7 23. Rdd2 e4 24. Na4 e3 25. fxe3 Ne4 26. Rc2 Rf1+ 27. Kg2 Ra1 28. Bc6 Nf6 29. Nxc5 bxc5 30. h3 Rd8 31. Rcd2 Rxd2 32. Rxd2 Kf7 33. g4 h6 34. e4 e5 35. Kf2 Ke7 36. a4 Ra3 37. Rd3 Ra2+ 38. Ke1 Ke6 39. Kd1 g5 40. Kc1 h5 41. Kb1 Rh2 42. a5 hxg4 43. hxg4 Rh7 44. a6 1-0

[Event "GRE-chT 41st"]
[Site "Achaia"]
[Date "2013.07.06"]
[Round "6.3"]
[White "Tsarouhas, Konstantinos"]
[Black "Grigoriadis, Alexandros"]
[Result "0-1"]
[WhiteElo "2180"]
[BlackElo "2302"]
[PlyCount "128"]
[EventDate "2013.07.02"]
[EventType "team-swiss"]
[EventRounds "7"]
[EventCountry "GRE"]
[SourceTitle "CBM 155 Extra"]
[Source "ChessBase"]
[SourceDate "2013.08.26"]
[SourceVersion "1"]
[SourceVersionDate "2013.08.26"]
[SourceQuality "1"]
[WhiteTeam "Chania ADA"]
[BlackTeam "AEK"]
[WhiteTeamCountry "GRE"]
[BlackTeamCountry "GRE"]

1. c4 c5 2. Nf3 Nc6 3. d4 cxd4 4. Nxd4 g6 5. Nc3 Bg7 6. Nb3 d6 7. e4 Bxc3+ 8. bxc3 Nf6 9. Bh6 Nxe4 10. Bd3 Nc5 11. 0-0 Nxd3 12. Qxd3 Bf5 13. Qe3 Qc7 14. Rfe1 0-0-0 15. Nd4 Nxd4 16. cxd4 e5 17. dxe5 dxe5 18. Qxa7 f6 19. c5 Rhe8 20. Rac1 Re6 21. c6 Rxc6 22. Qa8+ Kd7 23. Rcd1+ Rd6 24. Qa4+ Ke7 25. Qa3 Kf7 26. Rxd6 Qxd6 27. Qb3+ Qd5 28. Qb6 g5 29. h4 gxh4 30. Rc1 h3 31. Rc7+ Kg6 32. Rg7+ Kxh6 33. Qxf6+ Bg6 34. gxh3 Qd1+ 35. Kh2 Qd6 36. Qxd6 Rxd6 37. Rxb7 Rd2 38. Kg3 Rxa2 39. Rb5 Ra3+ 40. Kg4 e4 41. h4 Ra1 42. h5 Rg1+ 43. Kf4 Bxh5 44. Kxe4 Bg6+ 45. Kf4 Re1 46. Kg4 Kg7 47. Rb6 Re4+ 48. f4 Re3 49. Rb7+ Kf6 50. Rb6+ Re6 51. Rb5 h5+ 52. Kf3 Rd6 53. Kg3 Rd3+ 54. Kh4 Bf5 55. Rb6+ Be6 56. f5 Kxf5 57. Rb1 Kg6 58. Rg1+ Bg4 59. Rh1 Rf3 60. Rh2 Rf1 61. Rb2 Rh1+ 62. Kg3 Kg5 63. Rb8 Rh3+ 64. Kg2 Re3 0-1

[Event "GRE-chT 41st"]
[Site "Achaia"]
[Date "2013.07.05"]
[Round "5.3"]
[White "Grigoriadis, Alexandros"]
[Black "Efstathiou, Damianos"]
[Result "1-0"]
[WhiteElo "2302"]
[BlackElo "2097"]
[PlyCount "78"]
[EventDate "2013.07.02"]
[EventType "team-swiss"]
[EventRounds "7"]
[EventCountry "GRE"]
[SourceTitle "CBM 155 Extra"]
[Source "ChessBase"]
[SourceDate "2013.08.26"]
[SourceVersion "1"]
[SourceVersionDate "2013.08.26"]
[SourceQuality "1"]
[WhiteTeam "AEK"]
[BlackTeam "Peiraikos PG"]
[WhiteTeamCountry "GRE"]
[BlackTeamCountry "GRE"]

1. Nf3 d6 2. g3 g6 3. Bg2 Bg7 4. d4 Nf6 5. 0-0 0-0 6. c4 Nc6 7. Nc3 a6 8. d5 Na5 9. Nd2 c5 10. Qc2 Rb8 11. Rb1 b5 12. b3 Bd7 13. h3 e5 14. Bb2 Nh5 15. e3 f5 16. Ne2 f4 17. gxf4 exf4 18. Bxg7 Kxg7 19. Qc3+ Kg8 20. Nxf4 b4 21. Qd3 Nxf4 22. exf4 Rxf4 23. Qg3 Rd4 24. Nf3 Qf6 25. Nxd4 cxd4 26. c5 Bf5 27. Rbc1 Rd8 28. c6 Rc8 29. Rfe1 d3 30. Rcd1 Rf8 31. Rd2 Qc3 32. Red1 Qc5 33. Qe3 Qc3 34. Rxd3 Bxd3 35. Qxd3 Qc5 36. Qe3 Qc2 37. Rd2 Qc1+ 38. Kh2 Rf6 39. Re2 Rf8 1-0